Ta první je vždycky blondýna /

Po návratu z Francie, kde studovala, se Alice provdá za kamaráda z dětství. I když to není sňatek z lásky, je manželství celkem spokojené. Než se objeví jiná žena...

Uloženo v:
Hlavní autor: Jakoubková, Alena, 1958- (Autor)
Médium: Kniha
Jazyk:Czech
Vydáno: Brno : MOBA, 2026
Vydání:Vydání první
Témata:
Celkem bylo vypůjčeno:0x
Tagy:
Žádné tagy
LEADER 02031nam a2200373 i 4500
001 106712
003 CZ PrSKC
005 20260701144311.0
007 ta
008 260626s2026 xr g 000 f cze
015 |a cnb003739906 
020 |a 9788027924813  |q (vázáno) 
040 |a ABG001  |b cze  |e rda 
072 7 |a 821.162.3-3  |x Česká próza  |2 Konspekt  |9 25 
080 |a 821.162.3-31  |2 MRF 
080 |a (0:82-31)-055.2  |2 MRF 
100 1 |a Jakoubková, Alena,  |d 1958-  |7 mzk2002102588  |4 aut  |9 13020 
245 1 0 |a Ta první je vždycky blondýna /  |c Alena Jakoubková 
250 |a Vydání první 
264 1 |a Brno :  |b MOBA,  |c 2026 
300 |a 316 stran ;  |c 21 cm 
336 |a text  |b txt  |2 rdacontent 
337 |a bez média  |b n  |2 rdamedia 
338 |a svazek  |b nc  |2 rdacarrier 
520 2 |a Po návratu z Francie, kde studovala, se Alice provdá za kamaráda z dětství. I když to není sňatek z lásky, je manželství celkem spokojené. Než se objeví jiná žena...  |b Alice po maturitě nastoupí na pařížskou Sorbonnu. Ve studiu se jí daří, ovšem její italský přítel Sandro má jinou představu. Chce, aby se za něj provdala, a to hned, a přestěhovala se do Benátek. To však Alice odmítne. Po promoci se vrací domů, kde se jí opět intenzivně dvoří kamarád z dětství Jiří. Po čase Alice jeho naléhání podlehne a za Jiřího se vdá. Jak sama říká, spíše z rozumu. Zdá se, že manželství je spokojené, i když bezdětné. Po pár letech soužití však Alice spatří manžela ve společnosti jiné ženy... Nakladatelská anotace. 
655 7 |a české romány  |7 fd133974  |2 czenas  |9 54031 
655 7 |a romány pro ženy  |7 fd187897  |2 czenas  |9 115 
655 9 |a Czech fiction  |2 eczenas 
655 9 |a women's novels  |2 eczenas 
710 2 |a Nakladatelství MOBA  |7 ko2011627903  |4 pbl  |9 117207 
910 |a UOG502 
942 |2 ddc  |c KN 
999 |d 106712 
993 |0 0  |1 421180107440  |2 ddc  |4 0  |7 0  |9 100218  |b 0  |c 107440  |d 2026-07-01  |e 0  |f DOSP  |h 359.00  |i Koupě  |l DOSP  |r 2026-07-02  |t 6  |w 2026-07-01  |y KN  |z BELET  |n